Recepción de la Convención sobre los Derechos de la Niñez en el sistema normativo mexicano : diagnóstico jurídico y propuestas para su adecuación sustancial /
Estudio que analiza el marco normativo en materia infantil en México, con el propósito de exponer los lineamientos necesarios que se requieren realizar en sus ordenamientos legales, para incluir los derechos fundamentales de los niños contenidos en la Convención de los Derechos de la Niñez.
Saved in:
| Main Author: | |
|---|---|
| Format: | Book |
| Language: | Español |
| Published: |
México :
UNICEF,
2000, c2000
|
| Series: | (Documentos de Trabajo ;
1) |
| Subjects: | |
| Tags: |
No Tags, Be the first to tag this record!
|
MARC
| LEADER | 00000nam^a2200000^a^4500 | ||
|---|---|---|---|
| 001 | 000132290 | ||
| 005 | 20250623000000.0 | ||
| 009 | 20260310095051.308 | ||
| 025 | |a Donación sin dato, 1 ejemplar | ||
| 037 | |a Acervo ITESO - Biblioteca | ||
| 041 | |a ESP | ||
| 082 | |a 346. 01351 |b PIN | ||
| 100 | |a Pinto, Gimol |e (autor) | ||
| 245 | 1 | 0 | |a Recepción de la Convención sobre los Derechos de la Niñez en el sistema normativo mexicano : |b diagnóstico jurídico y propuestas para su adecuación sustancial / |c G. Pinto. |
| 264 | 4 | |a México : |b UNICEF, |c 2000, c2000 | |
| 300 | |a 22 p. | ||
| 336 | |a texto |b txt |2 rdacontenido | ||
| 337 | |a sin mediación |b n |2 rdamedio | ||
| 338 | |a volumen |b nc |2 rdasoporte | ||
| 440 | 1 | |a (Documentos de Trabajo ; |v 1) | |
| 520 | |a Estudio que analiza el marco normativo en materia infantil en México, con el propósito de exponer los lineamientos necesarios que se requieren realizar en sus ordenamientos legales, para incluir los derechos fundamentales de los niños contenidos en la Convención de los Derechos de la Niñez. | ||
| 649 | |a XX | ||
| 650 | |a Niños - |z México - |x Condiciones Jurídicas - |x Tema Principal | ||
| 650 | |a Niños - |x Condiciones Jurídicas - |x Tema Principal | ||
| 650 | |a Sistema Penitenciario - |z México - |x Evaluación | ||
| 650 | |a Poder Judicial - |z México - |x Evaluación | ||
| 650 | |a Justicia - |x Administración - |z México | ||
| 650 | |a Derechos Humanos - |z México | ||
| 650 | |a Derecho Público - |z México | ||
| 650 | |a Tratados Internacionales | ||
| 650 | |a Derecho Internacional Público | ||
| 910 | |a Fondo General | ||
| 920 | |a Impresos - Libros | ||
| 930 | |a Colección General | ||
| 905 | |a 101 | ||
| 901 | |a 0500062081 |b IT1 |c ACC |d DT |i D |u 20250623 | ||
| 901 | |a 0500152271 |b IT1 |c ACC |d DT |i D |u 20250623 | ||
| 902 | |a https://opac.biblio.iteso.mx/vufind/Record/000132290 | ||